00296nam a2200097 a 4500008004100000050001700041100002400058245004000082246006700122350000900189120416s9999 xx |||||||||||||| || u aHB 171.5 Har aHarter, Lafayette G10aWorking with introductory economics astudy guide to accompany economic response to a changing world a0.00